000
00209 a2200097 4500
001
3358
100
_a
Taylor, A.J.P
245
_a
Bismarck man & the statesman
260
_a
_b
Hamilton
_c
090
_c
2636
_d
2636
942
_a
NUST-CAE
_c
M
_c
18180
999
_c
238431
_d
238431